Online
Catalog

El doctor : (Record no. 32613)

MARC details
000 -CABECERA
campo de control de longitud fija 00892nam a2200265 a 4500
001 - NÚMERO DE CONTROL
campo de control 000033122
003 - IDENTIFICADOR DEL NÚMERO DE CONTROL
campo de control DO-SdBNP
005 - FECHA Y HORA DE LA ÚLTIMA TRANSACCIÓN
campo de control 20240301073829.0
007 - CAMPO FIJO DE DESCRIPCIÓN FÍSICA--INFORMACIÓN GENERAL
campo de control de longitud fija ta
008 - DATOS DE LONGITUD FIJA--INFORMACIÓN GENERAL
campo de control de longitud fija 110817s2022 dr a 000 0 spa d
020 ## - NÚMERO INTERNACIONAL ESTÁNDAR DEL LIBRO
Número Internacional Estándar del Libro 978-45181203
040 ## - FUENTE DE LA CATALOGACIÓN
Centro catalogador/agencia de origen DO-SdBNP
Lengua de catalogación spa
Centro/agencia transcriptor BNPHU
049 ## - FONDOS LOCALES (OCLC)
Fondos de biblioteca BNPD
082 #4 - NÚMERO DE LA CLASIFICACIÓN DECIMAL DEWEY
Número de edición 22
100 1# - ENTRADA PRINCIPAL--NOMBRE DE PERSONA
Nombre de persona Soto Jiménez, José Miguel,
Fechas asociadas al nombre 1956-
9 (RLIN) 11668
245 13 - MENCIÓN DE TÍTULO
Título El doctor :
Resto del título aproxinación a un personaje indescifrable /
Mención de responsabilidad, etc. José Miguel Ángel Soto Jiménez ; prólogo Tony Raful Tejada
260 ## - PUBLICACIÓN, DISTRIBUCIÓN, ETC.
Lugar de publicación, distribución, etc. Santo Domingo :
Nombre del editor, distribuidor, etc. Impresión Soto,
Fecha de publicación, distribución, etc. 2022.
300 ## - DESCRIPCIÓN FÍSICA
Extensión 190 p. ;
Dimensiones 23 cm.
500 ## - NOTA GENERAL
Nota general Incluye datos biográficos del autor en la solapa de la cubierta
500 ## - NOTA GENERAL
Nota general Incluye referencias bibliográficas y notas al pie de las páginas
590 ## - NOTA LOCAL (RLIN)
Nota local Inventariado, 2022/BT
700 1# - PUNTO DE ACCESO ADICIONAL--NOMBRE DE PERSONA
Nombre de persona Raful, Tony,
Fechas asociadas al nombre 1951-
Término indicativo de función/relación pról.
9 (RLIN) 1377
910 ## - DATOS DE OPCIÓN DEL USUARIO (OCLC)
Datos de opción del usuario Btavárez
942 ## - ELEMENTOS DE PUNTO DE ACCESO ADICIONAL (KOHA)
Fuente del sistema de clasificación o colocación Dewey Decimal Classification
Tipo de ítem Koha Libro
Holdings
Estado de retiro Estado de pérdida Fuente del sistema de clasificación o colocación Restricciones de uso No para préstamo Código de colección Localización permanente Ubicación/localización actual Ubicación en estantería Fecha de adquisición Fuente de adquisición Fecha visto por última vez Número de copia Precio válido a partir de Tipo de ítem Koha Total de préstamos Signatura topográfica completa Código de barras Nota pública
    Dewey Decimal Classification Préstamo en sala   Dominicana de Servicio Biblioteca Nacional Pedro Henríquez Ureña Biblioteca Nacional Pedro Henríquez Ureña En catalogación 28.07.2015 Depósito Legal 25.06.2020 e.3 25.06.2020 Libro        
    Dewey Decimal Classification Préstamo en sala   Dominicana de Servicio Biblioteca Nacional Pedro Henríquez Ureña Dominicana Depósito 18.10.2021   18.10.2021 e.4 18.10.2021 Libro y Folleto Colección Dominicana de Servicio   H764s 2021-27416  
    Dewey Decimal Classification Excluido de préstamo   Patrimonio Dominicano Biblioteca Nacional Pedro Henríquez Ureña Patrimonio Dominicano Depósito 17.08.2011   25.06.2020   25.06.2020 Libro y Folleto Colección Patrimonio Dominicano   H764s 33122-10  
    Dewey Decimal Classification Excluido de préstamo   Patrimonio Dominicano Biblioteca Nacional Pedro Henríquez Ureña Patrimonio Dominicano Depósito 13.07.2015   25.06.2020 e. 2 25.06.2020 Libro y Folleto Colección Patrimonio Dominicano   H764s 33122-20 Perteneció a la biblioteca personal de Chiqui Vicioso / Fidelio Despradel.

Powered by Koha